| 000 | 00967nam a22002297a 4500 | ||
|---|---|---|---|
| 999 |
_c5367 _d5367 |
||
| 003 | AR-CdUCM | ||
| 008 | 190312b ||||| |||| 00| 0 spa d | ||
| 040 |
_aMUNICIPALIDAD PROVINCIAL DEL CUSCO _cBIBLIOTECA MUNICIPAL DEL CUSCO |
||
| 082 |
_a305.4 / _bM93 |
||
| 100 |
_aCentro interamericano de administración del trabajo (CIAT/OIT) _916184 |
||
| 245 |
_aMujeres trabajadoras : _bextractos de instrumentos internacionales / |
||
| 246 | _aSerie de documentos, SD/82/2 | ||
| 260 |
_aLima : _bOIT, _c1984. |
||
| 300 |
_aXIV ; 554 páginas ; _c25 cm. |
||
| 505 | _aContenido : Empleo de las mujeres antes y después del parto -- Trabajo nocturno de las mujeres -- Empleo de la cerusa en la pintura -- Trabajo nocturno de las mujeres -- Empleo de las mujeres en los trabajos subterráneos de toda clase de minas ... | ||
| 650 |
_aDocumentos _97186 |
||
| 650 |
_aOIT _916185 |
||
| 650 |
_aMujer _9143 |
||
| 650 |
_aTrabajo _94726 |
||
| 942 |
_2ddc _cLIBROS |
||
| 945 | _azta | ||